00464 2200193 4500001002100000008004100021035002000062245002600082250001900108260003400127300002100161020002200182084001400204082000800218650002000226990000800246990000800254990000800262INLIS000000000000219 ind  a0010-0425000219 aMemilih Jajanan Sehat acetakan Kelima aDepok :bCV. Arya Duta,c2021 a108 hlm.c25 cm. a978-979-094-393-3 a613 LIT m a613 aLita Juliantini a342 a343 a344